|
|
|
|
| LEADER |
01336nam a2200289 a 4500 |
| 001 |
27413485 |
| 008 |
090512s1984 dcua b 000 0 eng d |
| 999 |
|
|
|c 643
|d 643
|
| 010 |
|
|
|a 84910964
|
| 040 |
|
|
|a DLC
|c PAU
|d IXA
|
| 082 |
0 |
4 |
|a 338.1/09549/2
|
| 245 |
1 |
0 |
|a Low lift pumps under IDA credit in south east Bangladesh:
|b a socio-economic study /
|c M. Abdul Hamid ... [et al.].
|
| 260 |
|
|
|a Rajshahi, Bangladesh :
|b Dept. of Economics, Rajshahi University,
|c 1984.
|
| 300 |
|
|
|a xxx, 281 pages, [7] leaves of plates :
|b illustrations ;
|c 30 cm.
|
| 490 |
0 |
|
|a Rural development studies (Rajshahi University. Dept.of Economics) ;
|v ser. 12
|
| 500 |
|
|
|a Mimeographed.
|
| 500 |
|
|
|a "Sponsored by BADC/World Bank."
|
| 500 |
|
|
|a Includes statistical tables.
|
| 504 |
|
|
|a Includes bibliographical references.
|
| 541 |
1 |
|
|e 00001537
|
| 650 |
|
0 |
|a Agriculture
|x Social aspects
|z Bangladesh.
|9 23535
|
| 650 |
|
0 |
|a Agriculture
|x Economic aspects
|z Bangladesh.
|9 23536
|
| 650 |
|
0 |
|a Rural development
|z Bangladesh.
|9 23537
|
| 700 |
1 |
|
|a Hamid, Abdul.
|9 23538
|
| 852 |
4 |
|
|a Ayesha Abed Library
|j Generalshelf
|
| 942 |
|
|
|2 ddc
|c BK
|
| 952 |
|
|
|0 0
|1 0
|2 ddc
|4 0
|6 338_109549200000000_ITE_1984
|7 0
|9 591
|a BRACUL
|b BRACUL
|c GEN
|d 2009-05-12
|g 0.00
|l 0
|o 338.1095492 ITE
|p 3010001537
|r 2009-05-12
|t 1
|w 2009-05-12
|y BK
|x No price found in the accession register.
|